| 000 | 00493cam a2200193ua 4500 | ||
|---|---|---|---|
| 001 | 1274 | ||
| 005 | 20260515113316.0 | ||
| 008 | 110624n ii |||gr||||Z||||||eng | ||
| 040 | _cMAIN | ||
| 082 | _a330.954 | ||
| 100 | 1 | _aBhatia, H l., | |
| 245 | 1 |
_aIndian economy. : _bIssues and politics. / _cBy H L Bhatia. |
|
| 250 | _a1st. | ||
| 260 |
_aNew Delhi.: _bVikash publishing.,988. |
||
| 300 |
_axiii, 751 p.: _c20 cm. |
||
| 653 | _aEconomics. | ||
| 653 | _aIndian economics. | ||
| 942 | _cBK | ||
| 999 |
_c1175 _d1175 |
||